Statistiken für Top 15 Länder mit Covid-19-Todesfällen - 25. August

Klicken Sie hier um das Quiz zu spielen!

Allgemein

  • Dieses Quiz wurde 7 mal gespielt
  • Das Durchschnittsergebnis liegt bei 13 aus 20

Antwortstatistiken

Land% Korrekt
Brasilien
100%
Russland
100%
Vereinigte Staaten
100%
Chile
86%
Indien
86%
Mexiko
86%
Peru
86%
Vereinigtes Königreich
86%
Italien
71%
Spanien
71%
Südafrika
71%
Bolivien
57%
Frankreich
57%
Belgien
43%
Ecuador
43%
Iran
43%
Kolumbien
43%
Niederlande
43%
Schweden
29%
Panama
14%

Verteilung der Resultate

Perzentil nach korrekt beantworteten Fragen

Anzahl Personen mit jedem Resultat

Ihre Resultats-Entwicklung

Sie haben dieses Quiz noch nicht gespielt